| 000 | 00608nam a2200181 i 4500 | ||
|---|---|---|---|
| 001 | 113669 | ||
| 003 | ES-MaACL | ||
| 005 | 20230906185955.0 | ||
| 007 | t| | ||
| 008 | 061121q1913 mx r ||||1| spa d | ||
| 100 | 1 |
_aPalavicini, Félix F. _988513 |
|
| 245 | 1 | 4 |
_aLos Diputados _b: lo que se ve y lo que no se ve de la Cámara / _cpor Félix F. Palavicini. |
| 260 |
_aMéxico : _b[s. n.], _c[1913?] ( _fTip. de `El Faro`) |
||
| 300 |
_a590 p. ; _c23 cm. |
||
| 610 | 1 |
_aMéxico. _bCongreso. _bCámara de diputados. _9160973 |
|
| 651 | 4 |
_aMéxico- _xHistoria- _y1867-1910. _9151494 |
|
| 852 |
_aES-MaACL _jG-1711 |
||
| 999 |
_c113669 _d113669 |
||